Participación del sector privado en proyectos de infraestructura : (Registro nro. 8145)
[ vista simple ]
| 000 -LEADER | |
|---|---|
| fixed length control field | 01459nam a2200229Ia 4500 |
| 003 - CONTROL NUMBER IDENTIFIER | |
| control field | OSt |
| 005 - DATE AND TIME OF LATEST TRANSACTION | |
| control field | 20210727233011.0 |
| 008 - FIXED-LENGTH DATA ELEMENTS--GENERAL INFORMATION | |
| fixed length control field | 210310s1996 ck fr 000 0 spa d |
| 040 ## - CATALOGING SOURCE | |
| Original cataloging agency | CO-JMCR |
| Transcribing agency | CO-JMCR |
| 041 0# - LANGUAGE CODE | |
| Language code of text/sound track or separate title | spa |
| -- | eng |
| 082 04 - DEWEY DECIMAL CLASSIFICATION NUMBER | |
| Classification number | 332.67314 / |
| Item number | D419p |
| Edition number | 23 |
| 110 2# - MAIN ENTRY--CORPORATE NAME | |
| Corporate name or jurisdiction name as entry element | Colombia. |
| Subordinate unit | Departamento Nacional de Planeación |
| 9 (RLIN) | 38809 |
| 245 10 - TITLE STATEMENT | |
| Title | Participación del sector privado en proyectos de infraestructura : |
| Remainder of title | gerencia de participación privada en infraestructura / |
| Statement of responsibility, etc. | Departamento Nacional de Planeación |
| 260 ## - PUBLICATION, DISTRIBUTION, ETC. | |
| Place of publication, distribution, etc. | Bogotá : |
| Name of publisher, distributor, etc. | Departamento Nacional de Planeación, |
| Date of publication, distribution, etc. | 1996 |
| 300 ## - PHYSICAL DESCRIPTION | |
| Extent | 61 páginas ; |
| Dimensions | 28 cm. |
| 500 ## - GENERAL NOTE | |
| General note | Título en inglés: Private sector participation in infrastructure projects : private participation in physical infrastructure group |
| 505 0# - FORMATTED CONTENTS NOTE | |
| Formatted contents note | Requerimientos de infraestructura física en Colombia -- Prioridad asignada al desarrollo de la infraestructura física en Colombia -- Objetivos de la participación privada en proyectos de infraestructura -- Modalidades de participación privada -- El entorno para la participación privada -- Las políticas de participación privada -- Estructuración y promoción de los proyectos de infraestructura -- La coordinación del programa de participación privada -- La gerencia de participación privada |
| 546 ## - LANGUAGE NOTE | |
| Language note | Texto bilingüe: Español-Inglés |
| 650 14 - SUBJECT ADDED ENTRY--TOPICAL TERM | |
| Topical term or geographic name entry element | Servicios públicos |
| 9 (RLIN) | 16461 |
| General subdivision | Planificación |
| 650 24 - SUBJECT ADDED ENTRY--TOPICAL TERM | |
| Topical term or geographic name entry element | Participación social |
| 9 (RLIN) | 38810 |
| 942 ## - ADDED ENTRY ELEMENTS (KOHA) | |
| Source of classification or shelving scheme | Dewey Decimal Classification |
| Koha item type | Books |
| Withdrawn status | Lost status | Source of classification or shelving scheme | Damaged status | Not for loan | Collection code | Home library | Current library | Date acquired | Source of acquisition | Full call number | Barcode | Date last seen | Copy number | Koha item type | Total Checkouts | Price effective from |
|---|---|---|---|---|---|---|---|---|---|---|---|---|---|---|---|---|
| Dewey Decimal Classification | Non-fiction | Biblioteca Pública José María del Castillo y Rada | Biblioteca Pública José María del Castillo y Rada | 04/15/2018 | Donación | 332.67314 / D419p | 430003281 | 05/16/2024 | Ej.1 | Books | ||||||
| Dewey Decimal Classification | Non-fiction | Biblioteca Pública José María del Castillo y Rada | Biblioteca Pública José María del Castillo y Rada | 04/15/2018 | Donación | 332.67314 / D419p | 430003282 | 05/16/2024 | Ej.2 | Books | 07/27/2021 |